00390 a2200109 4500082000800000100002100008245006200029260004300091300003500134500005100169650006000220 a909 aGalbraith, V. H. aAn introduction to the study of historycV. H, Galbraith. aIslamabad:b National Book Foundation. aviii, 143 p. :bill. ;c22 cm. a Includes bibliographical references and index aAsser, John, d. 909. Res gestae Alfredi.Historiography.